Geʽez Script / Ethiopian Amharic Alphabet - Statistics

General Stats
  • This quiz has been taken 11 times
    10 since last reset
  • The average score is 10 of 24
Answer Stats
% Correct
ʿ
75%
L
75%
M
75%
SH
75%
'
50%
B
50%
F
50%
G
50%
H
50%
K'
50%
R
50%
T
50%
T'
50%
Y
50%
D
25%
25%
K
25%
KH
25%
N
25%
S
25%
25%
W
25%
Z
25%
TS'
0%
No matching quizzes found
Score Distribution
Percent of People with Each Score
Percentile by Number Answered
Your Score History
You have not taken this quiz since the last reset